| 000 | 00503nam a2200205Ia 4500 | ||
|---|---|---|---|
| 003 | OSt | ||
| 005 | 20220928144228.0 | ||
| 006 | a|||||r|||| 00| 0 | ||
| 007 | ta | ||
| 008 | 220927b |||||||| |||| 00| 0 eng d | ||
| 024 | _a63777 | ||
| 037 | _cTextual | ||
| 040 |
_aSDCL _cSDCL _beng |
||
| 041 |
_2eng _aeng |
||
| 082 | _aI9M:f3, N5 | ||
| 100 |
_aMaliga _9507429 |
||
| 245 | 0 | _aMethods in plat molecular biology. | |
| 942 |
_hI9M:f3, N5 _cTEXL _2CC |
||
| 999 |
_c826801 _d826801 |
||